000 00812nam a22002777a 4500
001 BR8803706
003 BR-BrBNA
005 20230928092940.0
007 ta
008 230509b bl.||||| |||| 00| 0 por d
040 _aBR-BrBNA
_bpor
_cBiblioteca Nacional de Agricultura
041 _a(Por)
072 _aE11
_b/G514
090 _ E11 BR8803706
110 1 _aCentro de Treinamento em Desenvolvimento Economico, Fortaleza, CE (Brasil)
_91678
245 1 _aAnte-projeto de assentamento da fazenda monte castelo. Quixada - Ceara
_bVersao preliminar
260 3 _aFortaleza, CE (Brasil):
_c1986.
300 _a142 p.
500 _a51 tables; 12 ref.
650 _aREFORMA AGRARIA
650 _aFAZENDA
650 _aQUIXADA
650 _aCEARA
909 _a202309
_bLucia
_c55
_dLucia Elande
942 _cBK
999 _c42153
_d42153